ADAMS's Outline of Orthopedic / (Record no. 8639)
[ view plain ]
| 000 -LEADER | |
|---|---|
| fixed length control field | 00396nam a2200169Ia 4500 |
| 020 ## - INTERNATIONAL STANDARD BOOK NUMBER | |
| International Standard Book Number | 9780702030611 |
| 082 ## - DEWEY DECIMAL CLASSIFICATION NUMBER | |
| Author Mark | HAM |
| Classification number | 616.7 |
| 100 ## - MAIN ENTRY--PERSONAL NAME | |
| Author Name | Hamblen, David L. |
| 245 #0 - TITLE STATEMENT | |
| Title | ADAMS's Outline of Orthopedic / |
| 250 ## - EDITION STATEMENT | |
| Edition statement | 4th |
| 260 ## - PUBLICATION, DISTRIBUTION, ETC. | |
| Date of publication, distribution, etc. | 2010 |
| Place of publication, distribution, etc. | Sydney |
| Name of publisher, distributor, etc. | Elsevier |
| 300 ## - PHYSICAL DESCRIPTION | |
| No of Pages | viii; 584p. |
| illustrations | ill |
| Dimensions | 23 cm |
| 504 ## - BIBLIOGRAPHY, ETC. NOTE | |
| Bibliography, Index, etc. note | Include: Index |
| 650 ## - SUBJECT ADDED ENTRY--TOPICAL TERM | |
| Subject | DPT |
| 650 ## - SUBJECT ADDED ENTRY--TOPICAL TERM | |
| Subject | Therapy |
| Keywords | IMDC |
| 942 ## - ADDED ENTRY ELEMENTS (KOHA) | |
| Koha item type | Books |
| Source of classification or shelving scheme | |
| Item status | Home library | Current library | Shelving location | Date acquired | Total Checkouts | Full call number | Barcode | Date last seen | Date last checked out | Koha item type |
|---|---|---|---|---|---|---|---|---|---|---|
| Islamabad Medical and Dental College | Islamabad Medical and Dental College | Islamabad Medical and Dental College | 16/03/2018 | 2 | 616.7 HAM | 10423 | 18/03/2024 | 14/06/2023 | Books |
